Normal view MARC view

Entry Nombre personal

Number of records used in: 1

001 - NÚMERO DE CONTROL

  • campo de control: 234342

003 - IDENTIFICADOR DE NÚMERO DE CONTROL

  • campo de control: SpMaBN

005 - FECHA Y HORA DE LA ÚLTIMA TRANSACCIÓN

  • campo de control: 20231016191524.0

008 - ELEMENTOS DE DATO DE LONGITUD-FIJA

  • campo de control de longitud fija: 080414n|#azznnaabn |a aaa

024 7# - IDENTIFICADOR DE OTROS ESTÁNDARES

  • Número estándar o código: https://isni.org/isni/0000000117588777
  • Fuente: isni

024 7# - IDENTIFICADOR DE OTROS ESTÁNDARES

  • Número estándar o código: http://viaf.org/viaf/39055903/
  • Fuente: viaf

040 ## - FUENTE DE CATALOGACIÓN

  • Centro catalogador/agencia de origen: SpMaBN
  • Lengua de catalogación: spa
  • Centro/agencia transcriptor: SpMaBN
  • Normas de descripción: rdc
  • Convención/Normas de encabezamiento de materia/tesauro: embne

046 ## - FECHAS CON CODIFICACIÓN ESPECIAL

  • Fecha de nacimiento: 1974

100 1# - ENCABEZAMIENTO-NOMBRE DE PERSONA

  • Nombre de persona: Lamarca, Manuel,
  • Fechas asociadas al nombre: 1974-

375 ## - GÉNERO/SEXO

  • Género: Masculino

400 1# - TRAZADO DE VÉASE--NOMBRE DE PERSONA

  • Nombre de persona: Lamarca Rosales, Manuel,
  • Fechas asociadas al nombre: 1974-

670 ## - FUENTE DE DATOS ENCONTRADOS

  • Cita de la fuente: Cortometrajes de Manuel Lamarca, D.L. 2007
  • Información encontrada: créditos de la película (director, productor, guión y montaje, Manuel Lamarca)

670 ## - FUENTE DE DATOS ENCONTRADOS

  • Cita de la fuente: Conversaciones con cineastas españoles, 2002
  • Información encontrada: port. (Manuel Lamarca Rosales) solapa (n. 1974, Córdoba; cineasta y crítico de cine)

670 ## - FUENTE DE DATOS ENCONTRADOS

  • Cita de la fuente: WWW del autor, 14-04-2008
  • Información encontrada: (Manuel Lamarca Rosales ; n. Córdoba, licenciado en derecho y cineasta vocacional. Ha realizado varios trabajos en Super 8 y vídeo y dirigido la revista de crítica cinematográfica LE VOYEUR. Coordinador Sociocultural del Aula de Cine de la Universidad de Córdoba (1996 a 1999) y miembro de su Consejo Asesor (de 2000 a 2002) es autor del libro Conversaciones con Cineastas Españoles (Córdoba, 2002). Docente cinematográfico, imparte ponencias y cursos y ha sido profesor de Historia del Cine en la Escuela de Cine de Puerto Real (curso 2004-2005))

856 4# - LOCALIZACIÓN Y ACCESO ELECTRÓNICOS

  • Identificador Uniforme de Recursos: http://dialnet.unirioja.es/servlet/autorExterno/BNE/4662992